[Event "C.to Regionale Umbria"]
[Site "Foligno ITA"]
[Date "2009.06.07"]
[Round "6"]
[White "Salerno, Francesco"]
[Black "Ficco, Corrado"]
[Result "1/2-1/2"]
[WhiteElo "2000"]
[BlackElo "2163"]
[PlyCount "25"]
[EventDate "2009.06.05"]

1. d4 f5 2. Bg5 h6 3. Bh4 g5 4. e3 Nf6 5. Bg3 Bg7 6. Bd3 d6 7. h4 g4 8. h5 Nc6
9. f4 O-O 10. Nc3 d5 11. Nge2 Be6 12. Bh4 Ne8 13. Ng3 1/2-1/2

[Event "C.to Regionale Umbria"]
[Site "Foligno ITA"]
[Date "2009.06.07"]
[Round "6"]
[White "Tortolini, Francesco"]
[Black "Malfagia, Andrea"]
[Result "0-1"]
[WhiteElo "1855"]
[BlackElo "2282"]
[PlyCount "58"]
[EventDate "2009.06.05"]

1. e4 c5 2. Nf3 e6 3. d4 cxd4 4. Nxd4 Nc6 5. Nc3 Qc7 6. Be3 a6 7. Be2 Nf6 8.
O-O Bb4 9. Nxc6 bxc6 10. Bf3 O-O 11. Qd4 Bd6 12. h3 Rb8 13. Rab1 Be5 14. Qd2 d5
15. exd5 cxd5 16. Na4 Nd7 17. Bd4 Qc4 18. Bxe5 Nxe5 19. b3 Nxf3+ 20. gxf3 Qh4
21. Kg2 e5 22. Rh1 d4 23. Nc5 Rb6 24. Qd3 Rg6+ 25. Kf1 f5 26. Re1 Qf4 27. Ke2
Rg2 28. Rhg1 Rh2 29. Rg3 Qxg3 0-1

[Event "C.to Regionale Umbria"]
[Site "Foligno ITA"]
[Date "2009.06.07"]
[Round "6"]
[White "Yamauchi, Juan"]
[Black "De Leo, Sara"]
[Result "0-1"]
[WhiteElo "1475"]
[BlackElo "1401"]
[PlyCount "90"]
[EventDate "2009.06.05"]

1. b4 d5 2. Bb2 Nf6 3. d4 a6 4. a3 Nc6 5. Nd2 Bf5 6. Ngf3 e6 7. e3 Bd6 8. c4
O-O 9. Rc1 dxc4 10. Nxc4 Re8 11. Be2 Ne7 12. O-O b5 13. Ncd2 Ned5 14. Nh4 Ne4
15. Nxf5 exf5 16. Nxe4 fxe4 17. g3 Nf6 18. Kh1 Qd7 19. d5 Qh3 20. Bxf6 gxf6 21.
Bg4 Qh6 22. Bd7 Re7 23. Qg4+ Kh8 24. Qh3 Qxh3 25. Bxh3 a5 26. Kg2 axb4 27. axb4
Ra4 28. Ra1 Bxb4 29. Rxa4 bxa4 30. Rb1 Bc5 31. Rb8+ Kg7 32. Bg4 a3 33. Ra8 Re5
34. Bd1 Rxd5 35. Bb3 Rd3 36. Bc4 Rc3 37. Bd5 Rc2 38. Bxe4 Rd2 39. Kf3 a2 40. h4
Bd6 41. h5 Be5 42. h6+ Kxh6 43. Rh8 Kg7 44. Rxh7+ Kf8 45. Rh8+ Ke7 0-1

[Event "Festival A"]
[Site "Desenzano del Garda ITA"]
[Date "2009.06.06"]
[Round "1"]
[White "Bertani, Gianfranco"]
[Black "Matseyko, Katerina"]
[Result "0-1"]
[WhiteElo "2102"]
[BlackElo "2241"]
[PlyCount "56"]
[EventDate "2009.06.06"]

1. Nf3 Nf6 2. d4 c5 3. c3 e6 4. Bf4 Nc6 5. e3 d5 6. Bd3 Be7 7. Nbd2 O-O 8. Qe2
Re8 9. Ne5 Nxe5 10. dxe5 Nd7 11. Qh5 Nf8 12. h4 d4 13. exd4 cxd4 14. Rh3 dxc3
15. bxc3 Qa5 16. Kf1 Bd7 17. Rg3 f5 18. Qh6 Ng6 19. Rxg6 hxg6 20. Qxg6 Qxc3 21.
Re1 Qxd3+ 22. Kg1 Bb5 23. Re3 Qxd2 24. Rg3 Qe1+ 25. Kh2 Bf8 26. Bg5 Rac8 27.
Bf6 Rc1 28. Rg5 Qxf2 0-1

[Event "Festival A"]
[Site "Desenzano del Garda ITA"]
[Date "2009.06.06"]
[Round "1"]
[White "Bolico, Exfelicos"]
[Black "Rombaldoni, Axel"]
[Result "0-1"]
[WhiteElo "2194"]
[BlackElo "2363"]
[PlyCount "70"]
[EventDate "2009.06.06"]

1. d4 f5 2. c4 Nf6 3. Nf3 e6 4. Nc3 Bb4 5. Bg5 O-O 6. Rc1 d6 7. g3 c6 8. Bg2
Nbd7 9. O-O h6 10. Bd2 Qe8 11. a3 Bxc3 12. Bxc3 Ne4 13. b4 Ndf6 14. Nd2 Nxc3
15. Rxc3 e5 16. dxe5 dxe5 17. e4 f4 18. Qe2 Nh7 19. h4 g5 20. gxf4 gxf4 21. Bh3
Kh8 22. Kh1 Bxh3 23. Rxh3 Rg8 24. Nf3 Qh5 25. Rg1 Ng5 26. Rxg5 hxg5 27. Nd4 g4
28. Nf5 Rad8 29. Rd3 Qh7 30. Rxd8 Rxd8 31. Qb2 Qc7 32. Kg2 Kh7 33. c5 Rd3 34.
Nd6 Qe7 35. Nf5 Qe6 0-1

[Event "Festival A"]
[Site "Desenzano del Garda ITA"]
[Date "2009.06.06"]
[Round "1"]
[White "Codenotti, Marco"]
[Black "Chiodini, Pietro"]
[Result "1-0"]
[WhiteElo "2035"]
[BlackElo "1816"]
[PlyCount "41"]
[EventDate "2009.06.06"]

1. e4 Nc6 2. Nf3 e5 3. Bc4 Nf6 4. d3 d5 5. exd5 Nxd5 6. O-O Be7 7. Bb5 Qd6 8.
Bxc6+ bxc6 9. Nbd2 Ba6 10. Re1 f6 11. d4 exd4 12. Nxd4 O-O-O 13. N2b3 g6 14.
Re6 Qd7 15. Qe1 Bd6 16. Qa5 Bb7 17. Qxa7 c5 18. Na5 c6 19. Rxd6 Qc7 20. Ne6
Rde8 21. Rd8+ 1-0

[Event "Festival A"]
[Site "Desenzano del Garda ITA"]
[Date "2009.06.06"]
[Round "1"]
[White "Conti, Ferdinando"]
[Black "Stella, Luca"]
[Result "0-1"]
[WhiteElo "1640"]
[BlackElo "1942"]
[PlyCount "54"]
[EventDate "2009.06.06"]

1. b4 d5 2. Bb2 Qd6 3. b5 Bf5 4. e3 Nd7 5. Nf3 e5 6. Be2 Ngf6 7. O-O h6 8. c4
c6 9. a4 Be7 10. d4 e4 11. bxc6 bxc6 12. Ne5 Qe6 13. cxd5 cxd5 14. Bb5 O-O 15.
Nxd7 Nxd7 16. Nc3 Rfc8 17. Qb3 Nb6 18. Rfc1 Rab8 19. Qa2 Bd6 20. Ba3 Bxa3 21.
Qxa3 Nc4 22. Bxc4 Rxc4 23. Nb5 Qa6 24. Rxc4 dxc4 25. Qc5 Be6 26. Qxa7 Qxa7 27.
Nxa7 Ra8 0-1

[Event "Festival A"]
[Site "Desenzano del Garda ITA"]
[Date "2009.06.06"]
[Round "1"]
[White "De Paoli, Emilio"]
[Black "Bruno, Elio"]
[Result "1-0"]
[WhiteElo "1967"]
[BlackElo "1696"]
[PlyCount "33"]
[EventDate "2009.06.06"]

1. e4 c5 2. Nf3 d6 3. d4 cxd4 4. Nxd4 Nf6 5. Nc3 a6 6. Be2 e6 7. Be3 Be7 8. Qd2
b5 9. Bf3 e5 10. Nf5 O-O 11. g4 Nc6 12. g5 Nd7 13. O-O-O Na5 14. Nd5 Re8 15.
Ndxe7+ Rxe7 16. Nxe7+ Qxe7 17. Qxa5 1-0

[Event "Festival A"]
[Site "Desenzano del Garda ITA"]
[Date "2009.06.06"]
[Round "1"]
[White "Dinter, Brian"]
[Black "Majeric, Zoran"]
[Result "1-0"]
[WhiteElo "2130"]
[BlackElo "2281"]
[PlyCount "75"]
[EventDate "2009.06.06"]

1. d4 Nf6 2. Nf3 e6 3. e3 c5 4. c3 b6 5. Bd3 Bb7 6. Nbd2 cxd4 7. exd4 Be7 8.
O-O d6 9. Qe2 Nbd7 10. Re1 O-O 11. Ng5 Re8 12. Ndf3 Nf8 13. Bb5 N6d7 14. Bf4 a6
15. Bd3 h6 16. Ne4 Nf6 17. Nfd2 Nxe4 18. Nxe4 f5 19. Ng3 Bg5 20. Bxg5 Qxg5 21.
Qh5 g6 22. Qxg5 hxg5 23. a4 Kf7 24. Ra3 Bc6 25. Rb3 Red8 26. Ra1 Nd7 27. Nf1
Bd5 28. c4 Be4 29. Bxe4 fxe4 30. f3 exf3 31. Rxf3+ Ke7 32. Nd2 Rf8 33. Ne4 g4
34. Rg3 Rf4 35. Re1 Rc8 36. b3 Nf6 37. Ng5 Rxd4 38. Rxe6+ 1-0

[Event "Festival A"]
[Site "Desenzano del Garda ITA"]
[Date "2009.06.06"]
[Round "1"]
[White "Doluhanova, Evgeniya"]
[Black "Ignacz, Rozsa"]
[Result "1-0"]
[WhiteElo "2240"]
[BlackElo "2099"]
[PlyCount "83"]
[EventDate "2009.06.06"]

1. e4 c6 2. c4 d5 3. exd5 cxd5 4. cxd5 Nf6 5. Qa4+ Nbd7 6. Nc3 g6 7. Nf3 Bg7 8.
Bb5 O-O 9. O-O Nb6 10. Qa3 Nfxd5 11. d4 a6 12. Be2 Re8 13. Bg5 h6 14. Bd2 Bf5
15. Rfe1 Rc8 16. Nxd5 Nxd5 17. Rac1 Qb6 18. Bc4 e6 19. Qb3 Bxd4 20. Nxd4 Qxd4
21. Bxh6 b5 22. Bxd5 Qxd5 23. Qa3 Qb7 24. Qd6 Kh7 25. Bg5 Qd5 26. Rcd1 Qxd6 27.
Rxd6 a5 28. Bf6 g5 29. Bxg5 Kg6 30. Bd2 a4 31. h3 Red8 32. Rxd8 Rxd8 33. Bc3
Bd3 34. Re3 Bc4 35. Rg3+ Kf5 36. Rf3+ Ke4 37. Rxf7 Bxa2 38. h4 Rd5 39. g4 e5
40. Rf5 Rd1+ 41. Kg2 Bd5 42. f3+ 1-0

[Event "Festival A"]
[Site "Desenzano del Garda ITA"]
[Date "2009.06.06"]
[Round "1"]
[White "Facchetti, Gianni"]
[Black "Bentivegna, Francesco"]
[Result "0-1"]
[WhiteElo "2174"]
[BlackElo "2326"]
[PlyCount "44"]
[EventDate "2009.06.06"]

1. e4 e5 2. Nf3 Nc6 3. Bc4 Nf6 4. Nc3 Bc5 5. O-O d6 6. h3 Be6 7. Bxe6 fxe6 8.
d3 O-O 9. Na4 Bb6 10. Nxb6 axb6 11. c3 Qe8 12. Be3 d5 13. Nd2 Qg6 14. exd5 exd5
15. Nb3 Ne7 16. d4 e4 17. Bf4 c6 18. Be5 Nf5 19. Nc1 e3 20. Bxf6 Rxf6 21. Qc2
Raf8 22. Ne2 Ng3 0-1

[Event "Festival A"]
[Site "Desenzano del Garda ITA"]
[Date "2009.06.06"]
[Round "1"]
[White "Frolyanov, Dmitry"]
[Black "Dvirnyy, Danyyil"]
[Result "1/2-1/2"]
[WhiteElo "2559"]
[BlackElo "2459"]
[PlyCount "77"]
[EventDate "2009.06.06"]

1. e4 e6 2. d4 d5 3. Nc3 dxe4 4. Nxe4 Bd7 5. Nf3 Bc6 6. Bd3 Nd7 7. O-O Ngf6 8.
Ng3 Bd6 9. b3 O-O 10. Bb2 Bxf3 11. Qxf3 c6 12. Rad1 Qc7 13. c4 Rfe8 14. Bb1
Rad8 15. h3 b6 16. Ne4 Nxe4 17. Qxe4 Nf6 18. Qf3 e5 19. dxe5 Bxe5 20. Bxe5 Qxe5
21. Qxc6 g6 22. Qf3 Kg7 23. g3 Qb2 24. Kg2 h5 25. Rxd8 Rxd8 26. Rd1 Rxd1 27.
Qxd1 a5 28. Qc2 Qa1 29. b4 axb4 30. Qb3 Qd4 31. Qxb4 h4 32. a3 hxg3 33. fxg3
Ne4 34. Bxe4 Qxe4+ 35. Kf2 Qd4+ 36. Ke2 Qe4+ 37. Kf2 Qd4+ 38. Kf3 Qd3+ 39. Kf2
1/2-1/2

[Event "Festival A"]
[Site "Desenzano del Garda ITA"]
[Date "2009.06.06"]
[Round "1"]
[White "Grabarczyk, Miroslaw"]
[Black "Yakovich, Yuri"]
[Result "0-1"]
[WhiteElo "2469"]
[BlackElo "2569"]
[PlyCount "100"]
[EventDate "2009.06.06"]

1. d4 Nf6 2. c4 e6 3. g3 d5 4. Bg2 dxc4 5. Qa4+ Nbd7 6. Qxc4 a6 7. Nf3 b5 8.
Qc6 Ra7 9. Be3 Bb7 10. Qc1 Nd5 11. Bg5 Qa8 12. Nc3 c5 13. dxc5 Bxc5 14. O-O O-O
15. Nxd5 Bxd5 16. Be3 Rc8 17. Qd2 Bxe3 18. Qxe3 Rac7 19. Rfc1 h6 20. Rxc7 Rxc7
21. Rc1 Qc8 22. Rxc7 Qxc7 23. Nd4 Bxa2 24. Qa3 Qc1+ 25. Bf1 Bc4 26. Qxa6 Qxb2
27. Qc8+ Nf8 28. Nc6 g5 29. Qb8 Bxe2 30. Bxe2 Qxe2 31. Qd6 Ng6 32. Qd8+ Kg7 33.
Qd4+ Kg8 34. Qd8+ Kh7 35. Qd4 Qf3 36. Qc5 Qd5 37. Qxd5 exd5 38. f3 Kg7 39. Kf2
Kf6 40. Ke3 Ne7 41. Nd8 Nf5+ 42. Kd3 Ke7 43. Nc6+ Kd6 44. Nd8 f6 45. Kc3 h5 46.
Nb7+ Ke5 47. Kd3 h4 48. g4 Nd4 49. Ke3 Ne6 50. Na5 d4+ 0-1

[Event "Festival A"]
[Site "Desenzano del Garda ITA"]
[Date "2009.06.06"]
[Round "1"]
[White "Grigore, George-Gabriel"]
[Black "Genocchio, Daniele"]
[Result "1/2-1/2"]
[WhiteElo "2542"]
[BlackElo "2445"]
[PlyCount "98"]
[EventDate "2009.06.06"]

1. d4 d6 2. Nf3 g6 3. c4 Bg7 4. Nc3 Bg4 5. e3 e5 6. dxe5 dxe5 7. Qxd8+ Kxd8 8.
Be2 f6 9. b3 Nh6 10. Ba3 Bf8 11. O-O-O+ Nd7 12. Bb2 Be6 13. Ne4 Be7 14. Rd2 Kc8
15. h3 Nf7 16. g4 a5 17. Nc3 Nc5 18. Nd5 Bxd5 19. Rxd5 c6 20. Rdd1 a4 21. Nd2
Rd8 22. b4 a3 23. Bc3 Na4 24. Kc2 Ng5 25. c5 b6 26. Bc4 Nxc3 27. Kxc3 bxc5 28.
bxc5 Bxc5 29. h4 Rxd2 30. Kxd2 Ne4+ 31. Kc2 Nxf2 32. Be6+ Kb7 33. Rd7+ Ka6 34.
Rb1 Ka5 35. Rb3 Bb4 36. Rxh7 Re8 37. Bd7 Rd8 38. Rb1 Ne4 39. Rd1 Nc3 40. Ra1
Nd5 41. e4 Ne3+ 42. Kd3 Nxg4 43. Ke2 f5 44. exf5 gxf5 45. Bxf5 Rd2+ 46. Kf3 Nf6
47. Rh8 Bc3 48. Rb1 Bb2 49. Rb8 Rd4 1/2-1/2

[Event "Festival A"]
[Site "Desenzano del Garda ITA"]
[Date "2009.06.06"]
[Round "1"]
[White "Khairullin, Ildar"]
[Black "Abasov, Nijat Azad Oglu"]
[Result "1-0"]
[WhiteElo "2606"]
[BlackElo "2486"]
[PlyCount "119"]
[EventDate "2009.06.06"]

1. c4 Nf6 2. Nc3 b6 3. e4 Bb7 4. e5 Ne4 5. Nf3 e6 6. d4 Nxc3 7. bxc3 d6 8. Bd3
Be7 9. O-O Nd7 10. Bf4 dxe5 11. Nxe5 Nxe5 12. Bxe5 Bf6 13. Bxf6 Qxf6 14. Qa4+
Kf8 15. Rfe1 g6 16. c5 Kg7 17. c6 Bc8 18. Qb3 a5 19. Re3 Rd8 20. Rae1 Rd6 21.
Be4 Ba6 22. a4 Rad8 23. g3 Qg5 24. h4 Qh5 25. Bf3 Qf5 26. Be4 Qh5 27. Bg2 Qh6
28. Bf3 Kg8 29. Re5 Qg7 30. d5 Qf6 31. R1e3 exd5 32. Bxd5 Kg7 33. c4 Rxc6 34.
Bxc6 Qxc6 35. Rd5 Rxd5 36. cxd5 Qc1+ 37. Kh2 Bc4 38. Qc3+ Qxc3 39. Rxc3 Bxd5
40. Rxc7 Bb3 41. Rb7 Bxa4 42. Rxb6 Bd1 43. Rd6 Bb3 44. g4 a4 45. Ra6 h6 46. f4
Bd1 47. Kg3 Kh7 48. Ra7 Kg7 49. Ra5 Bc2 50. h5 gxh5 51. Rxh5 f5 52. gxf5 Bb3
53. f6+ Kg6 54. Ra5 Kxf6 55. Ra6+ Kf5 56. Rxh6 Ke4 57. Ra6 Bd1 58. Ra5 Bb3 59.
f5 Bf7 60. Kg4 1-0

[Event "Festival A"]
[Site "Desenzano del Garda ITA"]
[Date "2009.06.06"]
[Round "1"]
[White "Lazic, Miroljub"]
[Black "Brodsky, Michail"]
[Result "1/2-1/2"]
[WhiteElo "2438"]
[BlackElo "2524"]
[PlyCount "69"]
[EventDate "2009.06.06"]

1. Nf3 Nf6 2. b3 g6 3. Bb2 Bg7 4. d4 O-O 5. Nbd2 d6 6. e3 Nc6 7. Nc4 a5 8. Be2
a4 9. a3 axb3 10. cxb3 Nd7 11. b4 e5 12. b5 Na5 13. dxe5 Nxc4 14. Bxc4 Qe8 15.
O-O Nxe5 16. Nxe5 Bxe5 17. Bxe5 Qxe5 18. a4 c6 19. bxc6 bxc6 20. a5 Ba6 21. Qd3
Bxc4 22. Qxc4 Rxa5 23. Rxa5 Qxa5 24. Qxc6 Qc5 25. Qb7 Rc8 26. h4 Rc7 27. Qf3
Qe5 28. Rd1 Kg7 29. g3 h5 30. Kg2 Rc4 31. Rd2 Qe6 32. Qd1 Qe4+ 33. Kh2 Qf5 34.
Qb3 Rc6 35. Qd5 1/2-1/2

[Event "Festival A"]
[Site "Desenzano del Garda ITA"]
[Date "2009.06.06"]
[Round "1"]
[White "Lenic, Luka"]
[Black "Brunello, Sabino"]
[Result "1/2-1/2"]
[WhiteElo "2574"]
[BlackElo "2477"]
[PlyCount "34"]
[EventDate "2009.06.06"]

1. d4 Nf6 2. c4 e6 3. Nf3 b6 4. Nc3 Bb7 5. a3 d5 6. cxd5 Nxd5 7. Qc2 Be7 8. e4
Nxc3 9. bxc3 O-O 10. Bd3 c5 11. O-O Nc6 12. Bb2 Rc8 13. Qe2 Na5 14. Rad1 Rc7
15. Ne5 Qc8 16. Ng4 Rd8 17. Ne3 Bf8 1/2-1/2

[Event "Festival A"]
[Site "Desenzano del Garda ITA"]
[Date "2009.06.06"]
[Round "1"]
[White "Malaniuk, Vladimir P."]
[Black "Bodiroga, Predrag"]
[Result "1-0"]
[WhiteElo "2523"]
[BlackElo "2422"]
[PlyCount "75"]
[EventDate "2009.06.06"]

1. d4 e6 2. c4 Nf6 3. Nf3 d5 4. e3 c5 5. cxd5 Nxd5 6. e4 Nb6 7. Nc3 Be7 8. Be3
O-O 9. dxc5 N6d7 10. Na4 b6 11. cxb6 axb6 12. Bb5 Bb7 13. Nd2 Nc5 14. Nxc5 bxc5
15. O-O Nc6 16. Bxc6 Bxc6 17. Qc2 Bb5 18. Nc4 Ra4 19. b3 Bxc4 20. bxa4 Bxf1 21.
Rxf1 Qa5 22. Bd2 Qa6 23. Rc1 Rc8 24. Qc4 Qxc4 25. Rxc4 Rb8 26. Bc1 Rb1 27. g3
Kf8 28. a5 Rb5 29. Ra4 Bd8 30. Bd2 Rb2 31. Bf4 c4 32. Be3 Rb8 33. a6 c3 34. a7
Ra8 35. Ra3 Bf6 36. Rb3 Be5 37. f4 Bd6 38. e5 1-0

[Event "Festival A"]
[Site "Desenzano del Garda ITA"]
[Date "2009.06.06"]
[Round "1"]
[White "Marino, Francesco V."]
[Black "Oppici, Gabriele"]
[Result "1/2-1/2"]
[WhiteElo "1843"]
[BlackElo "2048"]
[PlyCount "49"]
[EventDate "2009.06.06"]

1. c4 Nc6 2. Nc3 e5 3. g3 Nf6 4. Bg2 Bc5 5. d3 O-O 6. Nf3 d6 7. O-O a5 8. a3
Re8 9. Rb1 h6 10. Bd2 Bf5 11. e4 Be6 12. Nd5 Nd4 13. b4 axb4 14. axb4 Nxf3+ 15.
Qxf3 Bxd5 16. cxd5 Bb6 17. Rfc1 Ra2 18. Be1 Qd7 19. h3 Rea8 20. b5 Bc5 21. Qd1
b6 22. Rc2 Qe8 23. Bd2 R8a4 24. Be3 Ra5 25. Rxa2 1/2-1/2

[Event "Festival A"]
[Site "Desenzano del Garda ITA"]
[Date "2009.06.06"]
[Round "1"]
[White "Ranfagni, Stefano"]
[Black "Ghidinelli, Giorgio"]
[Result "1-0"]
[WhiteElo "2052"]
[BlackElo "1843"]
[PlyCount "123"]
[EventDate "2009.06.06"]

1. e4 c5 2. Nc3 e6 3. g3 d6 4. Bg2 Nc6 5. d3 Be7 6. Nge2 Nf6 7. O-O O-O 8. f4
a6 9. h3 Qc7 10. Be3 Nd7 11. d4 cxd4 12. Nxd4 Bf6 13. Nxc6 bxc6 14. Qd2 Rb8 15.
Rab1 Rd8 16. g4 g6 17. f5 exf5 18. exf5 Be5 19. fxg6 hxg6 20. Ne4 Nf8 21. Bg5
Nh7 22. Bxd8 Qxd8 23. b3 d5 24. Rbe1 Qb6+ 25. Nf2 Bg3 26. Re8+ Nf8 27. Qe3 Qxe3
28. Rxe3 Bxf2+ 29. Rxf2 Be6 30. Rc3 Rc8 31. Rd2 Nh7 32. Rc5 Nf6 33. Ra5 Ra8 34.
g5 Nh7 35. h4 f6 36. gxf6 Nxf6 37. Bf1 Ne4 38. Rg2 Bf5 39. Rxa6 Rc8 40. Bd3 Kh7
41. Ra7+ Kh6 42. a4 c5 43. a5 c4 44. bxc4 dxc4 45. Bxe4 Bxe4 46. Re2 Bf5 47.
Kh2 Rc5 48. Ree7 g5 49. hxg5+ Kxg5 50. Rec7 Rd5 51. Rxc4 Rd2+ 52. Kg3 Bxc2 53.
Rc5+ Kf6 54. Ra6+ Ke7 55. Rc7+ Kd8 56. Rg7 Be4 57. Raa7 Rg2+ 58. Kf4 Rxg7 59.
Rxg7 Bd3 60. Ke5 Kc8 61. Kd6 Kb8 62. Kc6 1-0

[Event "Festival A"]
[Site "Desenzano del Garda ITA"]
[Date "2009.06.06"]
[Round "1"]
[White "Romanishin, Oleg M."]
[Black "Piscopo, Pierluigi"]
[Result "0-1"]
[WhiteElo "2501"]
[BlackElo "2405"]
[PlyCount "74"]
[EventDate "2009.06.06"]

1. d4 Nf6 2. Nf3 g6 3. g3 Bg7 4. Bg2 O-O 5. O-O d6 6. a4 Na6 7. c4 Bd7 8. Nc3
Qc8 9. Re1 Re8 10. e4 Bg4 11. e5 dxe5 12. dxe5 Nd7 13. h3 Bxf3 14. Qxf3 Nxe5
15. Qxb7 Qxb7 16. Bxb7 Rab8 17. Bxa6 Nf3+ 18. Kf1 Nxe1 19. Kxe1 Rb6 20. Bb5
Re6+ 21. Ne2 c6 22. Ba6 Rb8 23. Be3 c5 24. Bb5 a6 25. Bd7 Rd6 26. Bg4 Rxb2 27.
Rc1 f5 28. Bf3 Bd4 29. Nxd4 cxd4 30. Bf4 Rd8 31. Bc7 d3 32. Rd1 Rd7 33. Be5 Rc2
34. Bc6 Rd8 35. Bc7 Rd4 36. Be5 Re2+ 37. Kf1 Rxe5 0-1

[Event "Festival A"]
[Site "Desenzano del Garda ITA"]
[Date "2009.06.06"]
[Round "1"]
[White "Rombaldoni, Denis"]
[Black "Drazic, Sinisa"]
[Result "0-1"]
[WhiteElo "2442"]
[BlackElo "2533"]
[PlyCount "104"]
[EventDate "2009.06.06"]

1. d4 d5 2. Nf3 Nf6 3. c4 dxc4 4. e3 Be6 5. Na3 Bd5 6. Bxc4 e6 7. O-O Nbd7 8.
b3 a6 9. Bb2 Bd6 10. Bd3 O-O 11. Nd2 e5 12. e4 Bc6 13. d5 Nc5 14. Bc2 Bb5 15.
Nxb5 axb5 16. a4 Qd7 17. Re1 Rfe8 18. axb5 Rxa1 19. Qxa1 Qxb5 20. Nc4 Nfd7 21.
Qa5 Qxa5 22. Nxa5 Nb6 23. Ra1 Rb8 24. Nc4 Nxc4 25. bxc4 Kf8 26. Bc3 Ke7 27. Kf1
f6 28. Ke2 h5 29. h4 g6 30. Bd2 Kd7 31. Be3 Ke7 32. Ra5 b6 33. Ra7 Kd7 34. Bxc5
Bxc5 35. Ra6 Kd6 36. Ba4 f5 37. exf5 gxf5 38. Kf1 e4 39. Bd1 Ke5 40. g3 Rh8 41.
Ra2 Kd4 42. Be2 Kc3 43. Ra1 f4 44. gxf4 Rf8 45. Ra7 Bd6 46. c5 bxc5 47. Bxh5
Rxf4 48. f3 c4 49. Bg6 exf3 50. Ra6 Rxh4 51. Kf2 Rh3 52. Rc6 Be5 0-1

[Event "Festival A"]
[Site "Desenzano del Garda ITA"]
[Date "2009.06.06"]
[Round "1"]
[White "Rotstein, Arkadij"]
[Black "Bruno, Fabio"]
[Result "1/2-1/2"]
[WhiteElo "2526"]
[BlackElo "2441"]
[PlyCount "65"]
[EventDate "2009.06.06"]

1. c4 e6 2. Nf3 d5 3. d4 c6 4. e3 Nf6 5. Nbd2 Nbd7 6. b3 Bd6 7. Bb2 b6 8. Bd3
Bb7 9. O-O O-O 10. e4 dxe4 11. Nxe4 Nxe4 12. Bxe4 Nf6 13. Bc2 c5 14. dxc5 bxc5
15. Re1 Be7 16. Qe2 Qc7 17. Ne5 Rad8 18. Qe3 Ne8 19. Qh3 f5 20. Rad1 Rxd1 21.
Rxd1 Nf6 22. Qe3 Bd6 23. f3 Bc8 24. h3 Ne4 25. fxe4 Bxe5 26. Bxe5 Qxe5 27. Qg5
h6 28. Qe7 fxe4 29. Rd8 Qa1+ 30. Kh2 Qe5+ 31. Kg1 Qa1+ 32. Kh2 Qe5+ 33. Kg1
1/2-1/2

[Event "Festival A"]
[Site "Desenzano del Garda ITA"]
[Date "2009.06.06"]
[Round "1"]
[White "Shoker, Samy"]
[Black "Rasmussen, Allan Stig"]
[Result "1/2-1/2"]
[WhiteElo "2404"]
[BlackElo "2501"]
[PlyCount "92"]
[EventDate "2009.06.06"]

1. g3 d5 2. Bg2 c6 3. d3 e5 4. Nf3 Bd6 5. O-O Ne7 6. e4 O-O 7. Nc3 Nd7 8. d4
exd4 9. Nxd4 Nf6 10. exd5 Nexd5 11. Nxd5 Nxd5 12. c3 Bc5 13. a4 a5 14. Re1 Qb6
15. Bxd5 cxd5 16. Be3 Rd8 17. Qh5 Bd7 18. Qxd5 Bxa4 19. Qa2 Bd7 20. b4 Bxd4 21.
Bxd4 Qc6 22. bxa5 Bh3 23. f3 Qxf3 24. Qf2 Qh5 25. Re5 Qg6 26. Rae1 Be6 27. h4
h6 28. h5 Qd3 29. Qf4 Rd7 30. Kh2 Rad8 31. R1e3 Qb1 32. g4 Qd1 33. R5e4 Rd5 34.
Re1 Qd3 35. R1e3 Qb1 36. Qc7 Rc8 37. Qe7 Rd7 38. Qh4 Qa2+ 39. Re2 Qxa5 40. Re5
Rd5 41. g5 Rxe5 42. Rxe5 Qa2+ 43. Kg3 Bd5 44. Qh3 Be6 45. Qh4 Bd5 46. Qh3 Be6
1/2-1/2

[Event "Festival A"]
[Site "Desenzano del Garda ITA"]
[Date "2009.06.06"]
[Round "1"]
[White "Stella, Andrea"]
[Black "Astengo, Marcello"]
[Result "1-0"]
[WhiteElo "2276"]
[BlackElo "2114"]
[PlyCount "53"]
[EventDate "2009.06.06"]

1. d4 d5 2. c4 e6 3. Nc3 c6 4. cxd5 exd5 5. Qc2 Bd6 6. Nf3 h6 7. e3 Nf6 8. Bd3
O-O 9. O-O Nbd7 10. Rb1 Nb6 11. Ne5 Bxe5 12. dxe5 Nfd7 13. f4 Nc5 14. Bh7+ Kh8
15. b4 Nca4 16. Nxa4 Nxa4 17. Bd3 Nb6 18. Bb2 Nc4 19. Bxc4 dxc4 20. Qxc4 Be6
21. Qc2 Bxa2 22. Ra1 Be6 23. f5 Bc8 24. e6 f6 25. e4 Qb6+ 26. Kh1 Qxb4 27. Ba3
1-0

[Event "Festival A"]
[Site "Desenzano del Garda ITA"]
[Date "2009.06.06"]
[Round "1"]
[White "Tiengo, Davide"]
[Black "Ignacz, Maria"]
[Result "1-0"]
[WhiteElo "2070"]
[BlackElo "2197"]
[PlyCount "69"]
[EventDate "2009.06.06"]

1. d4 Nf6 2. Nf3 e6 3. c4 b6 4. a3 Ba6 5. Qa4 Be7 6. Nc3 Bb7 7. Bg5 c5 8. dxc5
Bxc5 9. b4 Be7 10. e3 O-O 11. Be2 d5 12. O-O Nbd7 13. Rfd1 a6 14. cxd5 Nxd5 15.
Bxe7 Qxe7 16. Nxd5 Bxd5 17. Rac1 b5 18. Qa5 Nb8 19. Rc7 Qd6 20. e4 Nc6 21. Rxc6
Qxc6 22. exd5 exd5 23. Nd4 Qb7 24. Bf3 Rac8 25. Nf5 Rfd8 26. h4 Kf8 27. Ne3 Rd6
28. Rxd5 Rxd5 29. Bxd5 Qa7 30. a4 Qd4 31. g3 bxa4 32. Qxa4 Rc1+ 33. Kg2 Qa1 34.
Qd7 Rg1+ 35. Kh3 1-0

[Event "Festival A"]
[Site "Desenzano del Garda ITA"]
[Date "2009.06.06"]
[Round "1"]
[White "Tocchioni, Doriano"]
[Black "Brunello, Marina"]
[Result "1/2-1/2"]
[WhiteElo "2321"]
[BlackElo "2166"]
[PlyCount "49"]
[EventDate "2009.06.06"]

1. d4 d5 2. Nf3 Nf6 3. g3 e6 4. Bg2 Be7 5. O-O O-O 6. c4 dxc4 7. Qc2 a6 8. Qxc4
b5 9. Qc2 Bb7 10. Bd2 Be4 11. Qc1 Nbd7 12. Ba5 Nb6 13. Rd1 Nc4 14. Be1 Qc8 15.
Nc3 Bb7 16. Bh3 Rd8 17. a4 b4 18. Na2 Na5 19. Qe3 Nc4 20. Qc1 Na5 21. Qe3 Rb8
22. b3 Bd5 23. Rab1 Qb7 24. Ne5 Rbc8 25. Rdc1 1/2-1/2

[Event "Festival A"]
[Site "Desenzano del Garda ITA"]
[Date "2009.06.06"]
[Round "1"]
[White "Valsecchi, Alessio"]
[Black "Vezzani, Stefano"]
[Result "1-0"]
[WhiteElo "2363"]
[BlackElo "2176"]
[PlyCount "55"]
[EventDate "2009.06.06"]

1. e4 e5 2. Nf3 d6 3. Bc4 Be7 4. O-O Nf6 5. Re1 O-O 6. c3 c6 7. d4 d5 8. dxe5
Nxe4 9. Bd3 Bf5 10. Nd4 Bg6 11. f3 c5 12. Ne2 c4 13. Bc2 Nc5 14. Be3 Nba6 15.
f4 Bxc2 16. Qxc2 Ne4 17. Rf1 Bc5 18. Nd4 Bxd4 19. Bxd4 Nec5 20. f5 Qh4 21. Nd2
Nd3 22. Nf3 Qh5 23. Ne1 Nac5 24. b4 Nxe1 25. Raxe1 Nd3 26. Re3 Qh4 27. Qd2 Qg5
28. Rxd3 1-0

[Event "Festival A"]
[Site "Desenzano del Garda ITA"]
[Date "2009.06.06"]
[Round "1"]
[White "Vocaturo, Daniele"]
[Black "Korneev, Oleg"]
[Result "1/2-1/2"]
[WhiteElo "2480"]
[BlackElo "2587"]
[PlyCount "30"]
[EventDate "2009.06.06"]

1. e4 c5 2. Nf3 e6 3. d4 cxd4 4. Nxd4 a6 5. c4 Nf6 6. Nc3 Qc7 7. Qe2 d6 8. f4
Nc6 9. Nxc6 bxc6 10. g3 d5 11. Bg2 Bb4 12. Bd2 d4 13. Nd1 Bxd2+ 14. Qxd2 e5 15.
O-O c5 1/2-1/2

[Event "Festival A"]
[Site "Desenzano del Garda ITA"]
[Date "2009.06.06"]
[Round "1"]
[White "Vuelban, Virgilio"]
[Black "Sulava, Nenad"]
[Result "1/2-1/2"]
[WhiteElo "2422"]
[BlackElo "2521"]
[PlyCount "34"]
[EventDate "2009.06.06"]

1. e4 c5 2. Nf3 e6 3. d4 cxd4 4. Nxd4 a6 5. Bd3 Nf6 6. O-O e5 7. Nf3 Nc6 8. Nc3
Bc5 9. Nd5 h6 10. Be3 d6 11. Bxc5 dxc5 12. h3 O-O 13. Re1 Nh7 14. Re3 g6 15.
Qe1 Ng5 16. Rd1 Kg7 17. Bf1 f6 1/2-1/2